[Event "Penang op-A 15th"]
[Site "Penang"]
[Date "2023.12.22"]
[Round "8"]
[White "Mathan, Priyaen"]
[Black "Mohd Fadzly, Muhd Haziq Fikri"]
[Result "1-0"]
[WhiteElo "1568"]
[BlackElo "1400"]
[PlyCount "83"]
[EventDate "2023.12.18"]
[EventType "swiss"]
[EventRounds "9"]
[EventCountry "MAS"]
[SourceTitle "CBM 217 Extra"]
[Source "ChessBase"]
[SourceDate "2024.01.31"]
[SourceVersion "1"]
[SourceVersionDate "2024.01.31"]
[SourceQuality "1"]

1. d4 Nf6 2. c4 e6 3. Nc3 Bb4 4. a3 Bxc3+ 5. bxc3 c5 6. e3 Nc6 7. Bd3 b6 8. e4 cxd4 9. cxd4 Nxd4 10. e5 Ng8 11. Qg4 Nb3 12. Qxg7 Qh4 13. Nf3 Qe7 14. Qxh8 Qf8 15. Rb1 Nxc1 16. Rxc1 Bb7 17. Bxh7 0-0-0 18. Bxg8 Qxa3 19. 0-0 Bxf3 20. gxf3 Qf8 21. Qh7 Qxg8+ 22. Qxg8 Rxg8+ 23. Kh1 Rg5 24. Rfe1 Kb7 25. c5 b5 26. Re4 Kc6 27. Ra1 Kb7 28. f4 Rg8 29. Rd4 Kc6 30. Rxa7 Kxc5 31. Rdxd7 Kc4 32. Rxf7 b4 33. Rfd7 Kc3 34. Rac7+ Kb2 35. Rd2+ Ka3 36. Rb7 Rc8 37. Rd3+ Rc3 38. Rxc3+ bxc3 39. f5 c2 40. Rc7 exf5 41. Rxc2 Kb3 42. Rc7 1-0

[Event "Penang op-A 15th"]
[Site "Penang"]
[Date "2023.12.19"]
[Round "4"]
[White "Leong, Joel"]
[Black "Mohd Fadzly, Muhd Haziq Fikri"]
[Result "1/2-1/2"]
[WhiteElo "1823"]
[BlackElo "1400"]
[PlyCount "165"]
[EventDate "2023.12.18"]
[EventType "swiss"]
[EventRounds "9"]
[EventCountry "MAS"]
[SourceTitle "CBM 217 Extra"]
[Source "ChessBase"]
[SourceDate "2024.01.31"]
[SourceVersion "1"]
[SourceVersionDate "2024.01.31"]
[SourceQuality "1"]

1. d4 Nf6 2. c4 e6 3. Nc3 Bb4 4. e3 0-0 5. Bd3 b6 6. e4 d6 7. Nge2 e5 8. d5 Nbd7 9. f3 Nc5 10. a3 Bxc3+ 11. Nxc3 Nh5 12. 0-0 Nf4 13. Bxf4 exf4 14. b4 Nd7 15. Ne2 Qf6 16. Qd2 a5 17. Qxf4 Qg6 18. Ng3 Ne5 19. Be2 f5 20. exf5 Bxf5 21. Nxf5 Rxf5 22. Qe4 Re8 23. Bd3 Nxd3 24. Qxd3 Rfe5 25. Qxg6 hxg6 26. bxa5 bxa5 27. Rab1 Re3 28. Rb7 R8e7 29. a4 Rc3 30. Rb5 Rxc4 31. Rxa5 Re2 32. Kh1 Ra2 33. h3 Kf7 34. Kh2 Kf6 35. Re1 Rcc2 36. Rg1 Ke5 37. Re1+ Kd4 38. Re4+ Kd3 39. Rg4 Ke3 40. Rxg6 Kf2 41. Rb5 Rxa4 42. Rxg7 Rd4 43. Re7 Rd1 44. Rg7 Rdd2 45. h4 c5 46. dxc6 Rxc6 47. Rgg5 Rc4 48. Rh5 d5 49. Ra5 d4 50. Rhc5 Rb4 51. Rab5 Ra4 52. f4 d3 53. h5 Ra1 54. h6 Kf1 55. h7 Rxg2+ 56. Kh3 Rg1 57. Rh5 d2 58. Rbd5 Rh1+ 59. Kg4 Rxh5 60. Kxh5 Ra5 61. Rxa5 d1Q+ 62. Kg6 Qd6+ 63. Kg7 Qc7+ 64. Kg8 Qb8+ 65. Kg7 Qc7+ 66. Kg6 Qb6+ 67. Kg7 Qc7+ 68. Kg8 Qb8+ 69. Kf7 Qxf4+ 70. Kg6 Qd6+ 71. Kg7 Qc7+ 72. Kg8 Qd8+ 73. Kg7 Qc7+ 74. Kg8 Qc8+ 75. Kg7 Qc7+ 76. Kg6 Qb6+ 77. Kf7 Qc7+ 78. Kg6 Qb6+ 79. Kf7 Qc7+ 80. Kg8 Qxa5 81. h8Q Qd8+ 82. Kg7 Qxh8+ 83. Kxh8 1/2-1/2

[Event "Penang op-A 15th"]
[Site "Penang"]
[Date "2023.12.19"]
[Round "3"]
[White "Mohd Fadzly, Muhd Haziq Fikri"]
[Black "Masli, Muhd Nur Daie"]
[Result "0-1"]
[WhiteElo "1400"]
[BlackElo "1842"]
[PlyCount "73"]
[EventDate "2023.12.18"]
[EventType "swiss"]
[EventRounds "9"]
[EventCountry "MAS"]
[SourceTitle "CBM 217 Extra"]
[Source "ChessBase"]
[SourceDate "2024.01.31"]
[SourceVersion "1"]
[SourceVersionDate "2024.01.31"]
[SourceQuality "1"]

1. d4 Nf6 2. Nf3 e6 3. c4 Bb4+ 4. Bd2 Qe7 5. Nc3 0-0 6. Qc2 c5 7. e3 b6 8. Bd3 Bb7 9. Ne4 Bxd2+ 10. Nexd2 d6 11. 0-0 Re8 12. Rad1 e5 13. dxe5 dxe5 14. Ne4 Nbd7 15. Nd6 e4 16. Nxb7 exf3 17. gxf3 Ne5 18. Nd6 Nxf3+ 19. Kg2 Nh4+ 20. Kh1 Red8 21. Ne4 Rxd3 22. Qxd3 Qxe4+ 23. Qxe4 Nxe4 24. Rd7 g6 25. b4 Nf6 26. Rd6 Ne8 27. Rd7 cxb4 28. f4 Nf5 29. e4 Nfg7 30. Rfd1 Ne6 31. Kg2 Nc5 32. Rd8 Rxd8 33. Rxd8 Kf8 34. Ra8 a5 35. Rb8 Nd7 36. Ra8 a4 37. Rxa4 0-1